[Event "Tuapse Rapid op"]
[Site "Tuapse"]
[Date "2022.06.26"]
[Round "1"]
[White "Yakunenkova, Ekaterina"]
[Black "Khruschiov, Alexey"]
[Result "0-1"]
[WhiteElo "1167"]
[BlackElo "2343"]
[PlyCount "54"]
[EventDate "2022.06.26"]
[EventType "swiss (rapid)"]
[EventRounds "11"]
[EventCountry "RUS"]
[SourceTitle "CBM 209 Extra"]
[Source "ChessBase"]
[SourceDate "2022.09.30"]
[SourceVersion "1"]
[SourceVersionDate "2022.09.30"]
[SourceQuality "1"]

1. e4 d6 2. Nc3 e5 3. d3 f5 4. f4 Nf6 5. Qe2 Nc6 6. Nf3 fxe4 7. Nxe4 Bg4 8. c3 Qd7 9. fxe5 dxe5 10. Bg5 Be7 11. Bxf6 gxf6 12. 0-0-0 0-0-0 13. Nf2 Bh5 14. h3 Rhe8 15. Ne4 f5 16. Ng3 Bf7 17. Kb1 Bf6 18. Qc2 e4 19. Ne1 f4 20. Ne2 f3 21. gxf3 exf3 22. Nxf3 Qd5 23. Bg2 Qxa2+ 24. Kc1 Bb3 25. Qb1 Qxb1+ 26. Kxb1 Rxe2 27. Rde1 Rxg2 0-1